000 00773cam a2200253 i 4500
001 0000005288
005 20170406120516.0
008 770303s1977 mnuaf b 001 0 eng
010 _a 76009253
020 _a0808701304
035 _9(DLC) 76009253
040 _aDLC
_cDLC
_dDLC
050 0 0 _aTR810
_b.A9 1977
082 0 0 _a778.3/5
100 1 _aAvery, Thomas Eugene.
245 1 0 _aInterpretation of aerial photographs /
_cThomas Eugene Avery.
250 _a3d ed.
260 _aMinneapolis :
_bBurgess Pub. Co.,
_cc1977.
300 _axi, 392 p., [6] leaves of plates :
_bill. (some col.) ;
_c27 cm.
504 _aIncludes bibliographies and index.
650 0 _aPhotographic interpretation.
650 0 _aAerial photography.
908 _a141210
999 _c5090
_d5090